| 000 | 03495nam a2200325 i 4500 | ||
|---|---|---|---|
| 003 | DO-SdBNP | ||
| 005 | 20250707115348.0 | ||
| 006 | a||||gr|||| 00| 0 | ||
| 007 | ta | ||
| 008 | 210615e2018 dr ac||g |||| 00| 0dspa d | ||
| 020 | _a9789945609301 | ||
| 040 |
_aDO-SdBNP _bspa _cBNPHU _erda |
||
| 082 | 4 |
_222 _bM385P |
|
| 100 | 1 |
_aParra Tió , Yuri María, _d1984 - _978844 _eautora |
|
| 245 | 1 | 0 |
_aCarmen Natalia Martínez Bonilla : _bdictadura, literatura y resistencia / _cYuri Parra ; ilustración, Moisés Kelly Santana ; prólogo, Luisa Navarro |
| 264 |
_aSanto Domingo : _bSantuario, _c2018 |
||
| 300 |
_a156 páginas : _bilustraciones, retratos. ; _c23 cm. |
||
| 336 |
_2rdacontent _atexto _btxt |
||
| 337 |
_2rdamedia _asin mediación _bn |
||
| 338 |
_2rdacarrier _avolumen _bnc |
||
| 500 | _aBibliografía y notas al pié de las páginas | ||
| 504 | _aBibliografía : páginas 151 - 156 | ||
| 505 |
_aPrólogo. _gCapítulo I. _tLa dictadura y el papel de las mujeres.-- La República Dominicana, extensión y división territorial.-- Población.-- Economía.-- clases sociales.-- Educación.-- Situación política.-- Dictadura.-- La mujer en la dictadura.-- La mujer y el derecho al sufragio.-- La mujer, la literatura y el reconocimiento social.-- Inserción de Carmen Natalia en el espacio intelectual.- _gCapítulo II. _tResistencia: el discurso, las expediciones y la agrupación Juventud Democrática.-- Resistencia a la dictadura trujillista.-- La creación artística como lengua de la resistencia a la dictadura.-- El discurso poético.-- El discurso literario a favor del régimen.-- El discurso poético femenino a favor del régimen.-- Posibles influencias en el discurso de Carmen Natalia en contra de la dictadura.-- Procedencia de Carmen Natalia Martínez Bonilla y entorno provinciano.-- Hechos históricos de la dictadura que provocaron la resistencia consciente de los artistas, como Carmen Natalia Martínez Bonilla.-- Características similares de las expediciones.-- La expedición de Mariel (1934).-- La expedición de Cayo Confites (1947).-- La expedición de Luperón (1949).-- La expedición de Maimón, Constanza y Estero Hondo (1959).-- La agrupación Juventud Democrática. Conformación e ideología.-- Órgano de difusión de la Juventud Democrática.-- Carmen Natalia y la participación de las mujeres en la Juventud Democrática.-- La familia de Carmen Natalia antitrujillista, camino al éxito.-- _gCapítulo II. _tInterpretación de la producción literaria de Carmen Natalia.-- Contexto histórico del año 1944. Impacto de la Segunda Guerra Mundial en la región del Caribe.-- Análisis del discurso narrativo de Carmen Natalia Martínez Bonilla.-- Veinte actitudes y una epístola (1945).-- Artículo: "La muerte de Sócrates".-- Artículo: "La victoria de Samotracia".-- Artículo: "La madre".-- Artículo: "La canción de la camisa.-- Artículo: "El hijo pródigo".-- Artículo: "Epístola al abuso ausente".-- Análisis del discurso enunciativo.-- Carta al hermano Ángel.-- Carta al presidente Rafael Leonidas Trujillo Molina.-- Conclusión del análisis documental.-- _tBibliografía. |
||
| 590 | _aInventariado, 2024 / MF | ||
| 600 | 1 | 4 |
_aCarmen Natalia, _d 1917-1976 _929216 |
| 600 | 1 | 4 |
_aParra Tió , Yuri María _d1984 - _978844 _tCarmen Natalia Martínez Bonilla: Dictadura, literatura y resistencia. |
| 700 | 1 | 0 |
_aSantana , Moisés Kelly, _eilustraciones _978845 |
| 700 | 1 | 0 |
_950276 _aNavarro Tavares, Luisa, _eprólogo |
| 942 |
_2ddc _cLF2 |
||
| 999 |
_c49921 _d49921 |
||